[Event "Prague Golden Rapid op 19th"]
[Site "Prague"]
[Date "2024.06.23"]
[Round "7"]
[White "Goliard, David"]
[Black "Horinek, Karel"]
[Result "1-0"]
[WhiteElo "1909"]
[BlackElo "1846"]
[PlyCount "82"]
[EventDate "2024.06.23"]
[EventType "swiss (rapid)"]
[EventRounds "7"]
[EventCountry "CZE"]
[SourceTitle "EXT 2025"]
[Source "ChessBase"]
[SourceDate "2024.10.14"]
[SourceVersion "1"]
[SourceVersionDate "2024.10.14"]
[SourceQuality "1"]

1. e4 e5 2. Nf3 Nc6 3. Bc4 Be7 4. d3 d6 5. a3 Nf6 6. Nbd2 Bg4 7. c3 Na5 8. Bb5+ c6 9. Ba4 b5 10. Bc2 c5 11. 0-0 Nc6 12. Re1 a5 13. Nf1 0-0 14. Ne3 Be6 15. d4 exd4 16. cxd4 Bd7 17. e5 Ne8 18. Qd3 g6 19. exd6 Bxd6 20. dxc5 Bxc5 21. Qxb5 Bxe3 22. Bxe3 Nb4 23. Qe2 Nxc2 24. Qxc2 Bf5 25. Qa4 Ng7 26. Red1 Qb8 27. Bd4 Ne6 28. Bc3 Qb6 29. Qh4 Nc5 30. b4 Ne4 31. Bd4 Qd8 32. Qh6 f6 33. Bc5 Qc7 34. Nd4 Nxc5 35. Rac1 axb4 36. axb4 Qg7 37. Nxf5 gxf5 38. Qf4 Ne6 39. Qxf5 Rae8 40. g3 Ng5 41. Rd7 Re7 1-0

[Event "Prague Golden Rapid op 19th"]
[Site "Prague"]
[Date "2024.06.23"]
[Round "4"]
[White "Horinek, Karel"]
[Black "Groh, Jiri"]
[Result "0-1"]
[WhiteElo "1846"]
[BlackElo "2014"]
[PlyCount "128"]
[EventDate "2024.06.23"]
[EventType "swiss (rapid)"]
[EventRounds "7"]
[EventCountry "CZE"]
[SourceTitle "EXT 2025"]
[Source "ChessBase"]
[SourceDate "2024.10.14"]
[SourceVersion "1"]
[SourceVersionDate "2024.10.14"]
[SourceQuality "1"]

1. e4 c5 2. Nf3 Nc6 3. d4 cxd4 4. Nxd4 g6 5. Be3 Bg7 6. c3 Nf6 7. f3 0-0 8. Bc4 e6 9. Bb3 d5 10. Nxc6 bxc6 11. e5 Nd7 12. f4 Qa5 13. Nd2 Ba6 14. Qc2 c5 15. a3 Rfc8 16. c4 d4 17. Bf2 f6 18. exf6 Nxf6 19. 0-0 Bb7 20. Be1 Qb6 21. Ba2 Qc6 22. Nf3 Ng4 23. Bd2 Ne3 24. Bxe3 dxe3 25. Rae1 Bd4 26. Re2 Rf8 27. Ne5 Bxe5 28. fxe5 Rxf1+ 29. Kxf1 Rf8+ 30. Kg1 Qd7 31. Rxe3 Qd4 32. Qe2 Rf5 33. Kh1 Qd2 34. h3 Rf2 35. Qxd2 Rxd2 36. Rb3 Bxg2+ 37. Kg1 Bxh3 38. Rb8+ Kg7 39. Rb7+ Kh6 40. Bb1 Bg4 41. Be4 Rd4 42. Bg2 a5 43. b4 axb4 44. axb4 Rxc4 45. bxc5 Rxc5 46. Rb4 Bf5 47. Rh4+ Kg7 48. Rb4 Rxe5 49. Kf2 Kf6 50. Bf3 h5 51. Kg3 Ra5 52. Rb6 Ra3 53. Kf2 h4 54. Rb4 h3 55. Bg4 h2 56. Kg2 Ra2+ 57. Kh1 Bxg4 58. Rxg4 Kf5 59. Rg5+ Ke4 60. Re5+ Kd3 61. Re3+ Kc4 62. Re4+ Kb3 63. Rb4+ Kc2 64. Kxh2 Kc3+ 0-1

[Event "Prague Golden rap op 13th"]
[Site "Prague"]
[Date "2017.07.01"]
[Round "6"]
[White "Horinek, Karel"]
[Black "Melich, Jindrich"]
[Result "1/2-1/2"]
[WhiteElo "1962"]
[BlackElo "2049"]
[PlyCount "141"]
[EventDate "2017.07.01"]
[EventType "swiss (rapid)"]
[EventRounds "7"]
[EventCountry "CZE"]
[SourceTitle "EXT 2018"]
[Source "ChessBase"]
[SourceDate "2017.10.13"]
[SourceVersion "1"]
[SourceVersionDate "2017.10.13"]
[SourceQuality "1"]

1. e4 d6 2. g3 g6 3. Bg2 Bg7 4. Ne2 c5 5. 0-0 Nc6 6. c3 e6 7. f4 Nge7 8. Na3 d5 9. exd5 exd5 10. Nc2 0-0 11. d4 c4 12. Ne3 f5 13. b3 b5 14. Kh1 Be6 15. Ng1 cxb3 16. axb3 b4 17. Nf3 bxc3 18. Ne5 Qb6 19. Nc2 Qxb3 20. Ra3 Qb6 21. Rxc3 Rfd8 22. Ba3 Re8 23. Bc5 Qb7 24. Re1 Nxe5 25. fxe5 Nc6 26. Qd3 a5 27. Rb3 Qd7 28. Reb1 Reb8 29. Ne3 a4 30. Rxb8+ Rxb8 31. Rxb8+ Nxb8 32. Qa3 Na6 33. Bd6 Qc6 34. h4 Bh6 35. Nf1 Qc4 36. Qa1 f4 37. gxf4 Bxf4 38. Nh2 Qc1+ 39. Qxc1 Bxc1 40. Nf3 a3 41. Bxa3 Bxa3 42. Ng5 Nc7 43. Nxe6 Nxe6 44. Bxd5 Kf7 45. Kg2 Ke7 46. Bxe6 Kxe6 47. Kf3 Kd5 48. Ke3 Be7 49. h5 gxh5 50. Kd3 h4 51. Ke3 Bg5+ 52. Kf3 Kxd4 53. Kg4 Kxe5 54. Kh3 Ke4 55. Kg2 Kf4 56. Kh3 Kf3 57. Kh2 Kg4 58. Kh1 Bf4 59. Kg1 Kf3 60. Kh1 Be3 61. Kh2 Bf2 62. Kh1 Bg3 63. Kg1 h3 64. Kh1 Bf2 65. Kh2 Kg4 66. Kh1 Bg3 67. Kg1 h2+ 68. Kh1 Bf4 69. Kg2 h5 70. Kh1 Bg3 71. Kg2 1/2-1/2

[Event "Prague Golden rap op 13th"]
[Site "Prague"]
[Date "2017.07.01"]
[Round "2"]
[White "Horinek, Karel"]
[Black "Netusil, Miloslav"]
[Result "0-1"]
[WhiteElo "1962"]
[BlackElo "2249"]
[PlyCount "89"]
[EventDate "2017.07.01"]
[EventType "swiss (rapid)"]
[EventRounds "7"]
[EventCountry "CZE"]
[SourceTitle "EXT 2018"]
[Source "ChessBase"]
[SourceDate "2017.10.13"]
[SourceVersion "1"]
[SourceVersionDate "2017.10.13"]
[SourceQuality "1"]

1. e4 e6 2. d3 d5 3. Nc3 Nf6 4. Bg5 Be7 5. Nf3 Nc6 6. Be2 d4 7. Nb1 e5 8. Nbd2 0-0 9. 0-0 Be6 10. c3 dxc3 11. bxc3 Nh5 12. Be3 Kh8 13. Nxe5 Nxe5 14. Bxh5 Qxd3 15. Be2 Qd7 16. Qc2 Ng4 17. Bxg4 Bxg4 18. f3 Be6 19. Rad1 Qc6 20. Nb3 Bc4 21. Rfe1 b6 22. Nd4 Qg6 23. Nf5 Bf6 24. Bd4 Be6 25. Bxf6 Qxf6 26. Ne3 c6 27. c4 Rfd8 28. a4 Rd4 29. Rxd4 Qxd4 30. f4 f6 31. Kf2 Re8 32. Kf3 Qc5 33. f5 Bf7 34. Rd1 Qe5 35. Rd7 Kg8 36. g4 a5 37. Qd3 Qxh2 38. Rb7 Qe5 39. Rxb6 h5 40. Rxc6 h4 41. Nf1 h3 42. Rd6 Qb2 43. Ng3 Qg2+ 44. Kf4 h2 45. Qf3 0-1

[Event "CZE-chT2C 1011"]
[Site "Czech Republic"]
[Date "2011.04.10"]
[Round "11.6"]
[White "Horinek, Karel"]
[Black "Richter, Martin1"]
[Result "0-1"]
[WhiteElo "2054"]
[BlackElo "1994"]
[PlyCount "56"]
[EventDate "2010.10.17"]
[EventType "team-tourn"]
[EventRounds "11"]
[EventCountry "CZE"]
[SourceTitle "EXT 2012"]
[Source "ChessBase"]
[SourceDate "2011.11.24"]
[SourceVersion "1"]
[SourceVersionDate "2011.11.24"]
[SourceQuality "1"]
[WhiteTeam "Neratovice"]
[BlackTeam "Bakov nad Jizerou"]
[WhiteTeamCountry "CZE"]
[BlackTeamCountry "CZE"]

1. e4 e6 2. d4 d5 3. Nc3 Bb4 4. e5 c5 5. a3 Bxc3+ 6. bxc3 Qc7 7. Qg4 f5 8. Qg3 Ne7 9. Qxg7 Rg8 10. Qxh7 cxd4 11. Ne2 Nbc6 12. f4 dxc3 13. Qh5+ Ng6 14. Qf3 d4 15. Ng3 Bd7 16. a4 Nb4 17. Qf2 0-0-0 18. Ba3 Nxf4 19. Bxb4 Qxe5+ 20. Ne2 Nd5 21. Bc5 Ne3 22. Bxd4 Nxc2+ 23. Kd1 Nxd4 24. Nxd4 Bc6 25. Kc1 Rxd4 26. Ra2 Rd2 27. Rxd2 cxd2+ 28. Qxd2 Rd8 0-1

[Event "CZE-chT2C 1011"]
[Site "Czech Republic"]
[Date "2011.02.20"]
[Round "8.5"]
[White "Horinek, Karel"]
[Black "Fiala, Jaroslav"]
[Result "0-1"]
[WhiteElo "2054"]
[BlackElo "2259"]
[PlyCount "60"]
[EventDate "2010.10.17"]
[EventType "team-tourn"]
[EventRounds "11"]
[EventCountry "CZE"]
[SourceTitle "EXT 2012"]
[Source "ChessBase"]
[SourceDate "2011.11.24"]
[SourceVersion "1"]
[SourceVersionDate "2011.11.24"]
[SourceQuality "1"]
[WhiteTeam "Neratovice"]
[BlackTeam "Jicin II"]
[WhiteTeamCountry "CZE"]
[BlackTeamCountry "CZE"]

1. e4 c5 2. Nf3 Nc6 3. d4 cxd4 4. Nxd4 g6 5. Nc3 Bg7 6. Be3 Nf6 7. Be2 0-0 8. f4 d5 9. e5 Ne4 10. Nxe4 dxe4 11. c3 Nxd4 12. Bxd4 b6 13. Qc2 Bb7 14. 0-0-0 Qc7 15. Kb1 f6 16. Qb3+ Kh8 17. exf6 Bxf6 18. Be3 Rad8 19. Rxd8 Rxd8 20. h4 Bd5 21. Qa3 Bc4 22. Bxc4 Qxc4 23. Bc1 Qd3+ 24. Ka1 e3 25. h5 gxh5 26. Qxa7 e2 27. Qxb6 Qd1 28. Re1 Qxe1 29. Qxd8+ Kg7 30. Qd2 Qd1 0-1

[Event "Prague-ch 3rd phase"]
[Site "Prague"]
[Date "2008.06.03"]
[Round "7"]
[White "Janda, Pavel"]
[Black "Horinek, Karel"]
[Result "0-1"]
[WhiteElo "2135"]
[BlackElo "2068"]
[PlyCount "128"]
[EventDate "2008.04.10"]
[EventType "swiss"]
[EventRounds "9"]
[EventCountry "CZE"]
[SourceTitle "EXT 2010"]
[Source "ChessBase"]
[SourceDate "2010.11.25"]
[SourceVersion "1"]
[SourceVersionDate "2010.11.25"]
[SourceQuality "1"]

1. e4 e5 2. f4 exf4 3. Bc4 g5 4. h4 d5 5. Bxd5 g4 6. Nc3 c6 7. Bb3 Be7 8. d4 Bxh4+ 9. Kf1 Bg5 10. e5 Ne7 11. Ne4 Nf5 12. Rh5 h6 13. g3 Be7 14. c3 Ng7 15. Rh2 Bf5 16. Bxf4 Bxe4 17. Qxg4 Nf5 18. Qh5 Rf8 19. e6 Bg5 20. exf7+ Kd7 21. Re2 Bxf4 22. Qg4 Qg5 23. Be6+ Kxe6 24. Rxe4+ Kxf7 25. Qxf4 Qxf4+ 26. Rxf4 Kg6 27. Kf2 Nd7 28. Nf3 Nd6 29. Rg4+ Kh7 30. Rh1 Rf6 31. Kg2 Raf8 32. Ng5+ Kh8 33. Nf3 Nc4 34. Rf4 Rxf4 35. gxf4 Kg7 36. Kg3 b5 37. b3 Nd6 38. Ne5 Nxe5 39. dxe5 Ne4+ 40. Kf3 Nxc3 41. Kg4 Nd5 42. f5 Ne3+ 43. Kf4 Nxf5 44. Rg1+ Kh7 45. Ke4 Ne7 46. a4 bxa4 47. bxa4 h5 48. e6 Kh6 49. Ke5 Nc8 50. a5 h4 51. a6 Kh5 52. Rg7 h3 53. e7 Re8 54. Kf4 Rxe7 55. Rg5+ Kh6 56. Rg3 c5 57. Rxh3+ Kg6 58. Rc3 Rc7 59. Ke5 c4 60. Kd5 Nb6+ 61. Kd6 Rc8 62. Ke5 Rc5+ 63. Kd4 Rd5+ 64. Ke4 Ra5 0-1

[Event "Prague-ch 3rd phase"]
[Site "Prague"]
[Date "2008.05.15"]
[Round "5"]
[White "Korsa, Jindrich"]
[Black "Horinek, Karel"]
[Result "1-0"]
[WhiteElo "2108"]
[BlackElo "2068"]
[PlyCount "53"]
[EventDate "2008.04.10"]
[EventType "swiss"]
[EventRounds "9"]
[EventCountry "CZE"]
[SourceTitle "EXT 2010"]
[Source "ChessBase"]
[SourceDate "2010.11.25"]
[SourceVersion "1"]
[SourceVersionDate "2010.11.25"]
[SourceQuality "1"]

1. e4 e5 2. Nc3 Bc5 3. g3 Nf6 4. Bg2 c6 5. d3 0-0 6. Nge2 Na6 7. 0-0 Nc7 8. Na4 Be7 9. f4 b5 10. Nac3 Bc5+ 11. Kh1 d6 12. d4 exd4 13. Nxd4 Bg4 14. Qd3 Qd7 15. f5 b4 16. Nce2 Bxe2 17. Nxe2 Ng4 18. Bf4 Nf2+ 19. Rxf2 Bxf2 20. Bxd6 Rfd8 21. Bxc7 Qxc7 22. Qf3 Bd4 23. Nxd4 Rxd4 24. f6 Rad8 25. Rf1 Qd7 26. Qh5 Rd1 27. Qg5 1-0

[Event "Prague-ch 3rd phase"]
[Site "Prague"]
[Date "2008.04.17"]
[Round "2"]
[White "Plasek, Zdenek"]
[Black "Horinek, Karel"]
[Result "0-1"]
[WhiteElo "2115"]
[BlackElo "2068"]
[PlyCount "54"]
[EventDate "2008.04.10"]
[EventType "swiss"]
[EventRounds "9"]
[EventCountry "CZE"]
[SourceTitle "EXT 2010"]
[Source "ChessBase"]
[SourceDate "2010.11.25"]
[SourceVersion "1"]
[SourceVersionDate "2010.11.25"]
[SourceQuality "1"]

1. d4 d5 2. c4 c6 3. Nc3 Nf6 4. Nf3 e6 5. cxd5 exd5 6. Bg5 Nbd7 7. e3 Bd6 8. Qc2 0-0 9. Bd3 h6 10. Bh4 Re8 11. 0-0 Nf8 12. Rab1 Bg4 13. Nd2 Bd7 14. Bg3 Bxg3 15. hxg3 Ng4 16. Rfe1 Ne6 17. b4 Qg5 18. a4 Qf6 19. f3 Nxd4 20. Bh7+ Kh8 21. Qd3 Nxe3 22. Nde4 dxe4 23. Nxe4 Rxe4 24. Bxe4 Nd5 25. Red1 Nc3 26. Rd2 Nxb1 27. Qxd4 Nxd2 0-1

[Event "Prague-ch 3rd lag"]
[Site "Prague"]
[Date "2006.05.11"]
[Round "5"]
[White "Horinek, Karel"]
[Black "Slovak, Pavel"]
[Result "1/2-1/2"]
[WhiteElo "2131"]
[BlackElo "2067"]
[PlyCount "68"]
[EventDate "2006.04.13"]
[EventType "swiss"]
[EventRounds "7"]
[EventCountry "CZE"]
[SourceTitle "EXT 2008"]
[Source "ChessBase"]
[SourceDate "2007.11.25"]
[SourceVersion "1"]
[SourceVersionDate "2007.11.25"]
[SourceQuality "1"]

1. e4 c5 2. Nc3 d6 3. f4 Nc6 4. Nf3 Nf6 5. d3 e6 6. g3 Be7 7. Bg2 0-0 8. 0-0 a6 9. b3 Qc7 10. Bb2 b5 11. e5 dxe5 12. Nxe5 Bb7 13. Ne4 Nd5 14. Qe2 Nd4 15. Qd2 Rad8 16. a4 Nf5 17. axb5 Nfe3 18. bxa6 Nxf1 19. Kxf1 Ba8 20. Nc4 f6 21. Ra5 Nb6 22. Nxb6 Qxb6 23. Qc3 c4 24. Ba3 Bxa3 25. Rxa3 cxd3 26. cxd3 Qe3 27. b4 Rc8 28. Nc5 Bxg2+ 29. Kxg2 e5 30. Qc4+ Kh8 31. Qe4 Qd2+ 32. Kh3 f5 33. Qb7 Rce8 34. a7 Qe2 1/2-1/2